000 00727cab a2200241 4500
001 WB3440-01
008 090401t1998 xxu||||| |||| 00| 0 eng d
035 _a(Sirsi) u89237
041 _aeng
245 _aSpending on tenders
260 _c1998
350 _a0
490 _aFinancial Times
_v23 October 1998, 9(1)
520 _aResearch by KPMG suggests that construction companies can spend a total of up to £4bn a year, or 10% of the industry`s total turnover, tendering for work.
650 _aBIDDING
650 _aCOMPETITIVE TENDERING
650 _aKPMG
650 _aProcurement-old
650 _aTENDERING
690 _aBUILT ENVIRONMENT-BUILDING CONTRACT FORMS
942 _n0
948 _c23/10/1998
999 _c56441
_d56441